Analizando la orientación escolar en el papel de la familia en el proceso educativo y su impacto en el éxito académico de los estudiantes del segundo ciclo del nivel primario, centro educativo Eugenio María de Hostas, distrito escolar 18-02 Tamayo, año lectivo 2025-2026 / (Record no. 10269)
[ view plain ]
| 000 -LEADER | |
|---|---|
| campo de control de longitud fija | 01434nam a22002897a 4500 |
| 001 - NÚMERO DE CONTROL | |
| campo de control | 10269 |
| 003 - IDENTIFICADOR DE NÚMERO DE CONTROL | |
| campo de control | UCATEBA |
| 005 - FECHA Y HORA DE LA ÚLTIMA TRANSACCIÓN | |
| campo de control | 20260209093127.0 |
| 006 - CÓDIGOS DE INFORMACIÓN DE LONGITUD FIJA--CARACTERÍSTICAS DEL MATERIAL ADICIONAL | |
| campo de control de longitud fija | a |
| 007 - CAMPO FIJO DE DESCRIPCIÓN FÍSICA--INFORMACIÓN GENERAL | |
| campo de control de longitud fija | a |
| 008 - DATOS DE LONGITUD FIJA--INFORMACIÓN GENERAL | |
| campo de control de longitud fija | 260209b |||||||| |||| 00| 0 eng d |
| 040 ## - FUENTE DE CATALOGACIÓN | |
| Centro catalogador/agencia de origen | DO-BaUCT |
| Lengua de catalogación | spa |
| Centro/agencia transcriptor | DO-BaUCT |
| Normas de descripción | rda |
| 041 0# - CÓDIGO DE IDIOMA | |
| Código de lengua del texto/banda sonora o título independiente | spa |
| Código de lengua original | spa |
| 090 ## - LOCALMENTE ASIGNADO TIPO-LC NÚMERO DE CLASIFICACIÓN (OCLC); NÚMERO DE CLASIFICACIÓN LOCAL (RLIN) | |
| Número de clasificación (OCLC) (R) ; Numero de clasificación, CALL (RLIN) (NR) | ORI 2025-025 |
| 100 1# - ENTRADA PRINCIPAL--NOMBRE DE PERSONA | |
| Nombre de persona | Chapman aurel, Sorianny, |
| Término indicativo de función/relación | autor |
| 245 10 - MENCIÓN DEL TÍTULO | |
| Título | Analizando la orientación escolar en el papel de la familia en el proceso educativo y su impacto en el éxito académico de los estudiantes del segundo ciclo del nivel primario, centro educativo Eugenio María de Hostas, distrito escolar 18-02 Tamayo, año lectivo 2025-2026 / |
| Mención de responsabilidad, etc. | Sorianny Chapman Auel, Gloria Annety Féliz Pérez, Yorkidia Carolina Santana Cuevas ; asesor Yris Ysabel San Girbert Ramos. |
| 260 ## - PUBLICACIÓN, DISTRIBUCIÓN, ETC. | |
| Lugar de publicación, distribución, etc. | Barahona, República Dominicana : |
| Nombre del editor, distribuidor, etc. | Universidad Católica Tecnológica de Barahona (UCTEBA), |
| Fecha de publicación, distribución, etc. | 2025 |
| 300 ## - DESCRIPCIÓN FÍSICA | |
| Extensión | x.164,[35]hojas ; |
| Dimensiones | 28cm |
| 337 ## - TIPO DE MEDIO | |
| Fuente | rdacontent |
| Nombre/término del tipo de medio | texto |
| Código del tipo de medio | n |
| 338 ## - TIPO DE SOPORTE | |
| Fuente | rdacarrier |
| Nombre/término del tipo de soporte | volumen |
| Código del tipo de soporte | cn |
| 502 ## - NOTA DE TESIS | |
| Nota de tesis | Tesis de Grado (Licenciatura en Orientación Escolar) --UCATEBA-- Escuela de Educación, año 2025 |
| 650 #4 - PUNTO DE ACCESO ADICIONAL DE MATERIA--TÉRMINO DE MATERIA | |
| Término de materia o nombre geográfico como elemento de entrada | Analizando la orientación Escolar en el Papel de la Familia |
| 700 1# - ENTRADA AGREGADA--NOMBRE PERSONAL | |
| Nombre de persona | Féliz Pérez, Gloria Annety, |
| Término indicativo de función/relación | autor |
| 700 1# - ENTRADA AGREGADA--NOMBRE PERSONAL | |
| Nombre de persona | Santana Cuevas, Yorkidia Carolina. |
| Término indicativo de función/relación | autor |
| 700 1# - ENTRADA AGREGADA--NOMBRE PERSONAL | |
| Nombre de persona | San Gilbert Ramos, Yris Ysabel, |
| Término indicativo de función/relación | asesor |
| 942 ## - ELEMENTOS DE ENTRADA SECUNDARIOS (KOHA) | |
| Fuente de la clasificación o esquema de estantería | Clasificación Decimal Dewey |
| Tipo de ítem Koha | Tesis |
| Parte de clasificación | ORI 2025-025 |
| Prefijo de la signatura | ORI |
| Sufijo de signatura topográfica | 2025-025 |
| Suprimir en OPAC | No |
| Estatus retirado | Estado de pérdida | Fuente de la clasificación o esquema de estantería | Estado de daño | No para préstamo | Colección | Biblioteca de origen | Biblioteca actual | Fecha de adquisición | Fuente de adquisición | Total de préstamos | Signatura topográfica completa | Código de barras | Visto por última vez | Fecha del último préstamo | Copia número | Precio de reemplazo | Tipo de ítem Koha |
|---|---|---|---|---|---|---|---|---|---|---|---|---|---|---|---|---|---|
| Clasificación Decimal Dewey | Acervo general de Libros | Biblioteca Central Mons. Favio M. Rivas S. | Biblioteca Central Mons. Favio M. Rivas S. | 09/02/2026 | UCATEBA | 7 | ORI 2025-025 | 000000013622 | 31/03/2026 | 31/03/2026 | 1 | 09/02/2026 | Tesis |
